| 000 | 01073nac a22002051u 4500 | ||
|---|---|---|---|
| 008 | 101223t xxu||||| |||| 00| 0 ara d | ||
| 082 |
_a627 _bع د و |
||
| 100 | 1 |
_aالعدوي ، محمد صادق _921656 |
|
| 245 |
_aهندسة الإمداد بالمياه : _bهندسة صحية .1 / _cمحمد صادق العدوي |
||
| 260 |
_a[د . م] : _bالمؤلف ، _c[د . ت] . |
||
| 300 |
_a328 ص : _bايض ؛ _c24 سم. |
||
| 504 | _aيشتمل على إرجاعات ببليوجرافية ص 323-324 | ||
| 650 |
_aالهندسة الهيدروليكية _921657 |
||
| 650 |
_aالمياه _921967 |
||
| 650 |
_aالآبار _921968 |
||
| 650 |
_aالآلات الهيدروليكية _921969 |
||
| 942 |
_cBB _k627 ع د و _2ddc |
||
| 999 |
_c6597 _d6597 |
||